Danh mục và thuế suất đối với hàng hóa xuất nhập khẩu 2009 - 2010
Nội dung sách gồm có 4 phần: hướng dẫn sử dụng biểu thuế xuất khẩu, nhập khẩu tổng hợp và thuế giá trị gia tăng hàng nhập khẩu; biểu thuế xuất khẩu tổng hợp và thuế giá trị gia tăng; văn bản hướng dân thực hiện luật thuế xuâ...
Đã lưu trong:
| Institution som forfatter: | |
|---|---|
| Format: | Bog |
| Sprog: | Undetermined |
| Udgivet: |
Hà Nội
Tài chính
2009
|
| Fag: | |
| Tags: |
Tilføj Tag
Ingen Tags, Vær først til at tagge denne postø!
|
| Thư viện lưu trữ: | Trung tâm Học liệu Trường Đại học Cần Thơ |
|---|
| LEADER | 01094nam a2200229Ia 4500 | ||
|---|---|---|---|
| 001 | CTU_148496 | ||
| 008 | 210402s9999 xx 000 0 und d | ||
| 020 | |c 390000 | ||
| 082 | |a 336.26609597 | ||
| 082 | |b B450 | ||
| 110 | |a Bộ tài chính | ||
| 245 | 0 | |a Danh mục và thuế suất đối với hàng hóa xuất nhập khẩu 2009 - 2010 | |
| 245 | 0 | |c Bộ tài chính | |
| 260 | |a Hà Nội | ||
| 260 | |b Tài chính | ||
| 260 | |c 2009 | ||
| 520 | |a Nội dung sách gồm có 4 phần: hướng dẫn sử dụng biểu thuế xuất khẩu, nhập khẩu tổng hợp và thuế giá trị gia tăng hàng nhập khẩu; biểu thuế xuất khẩu tổng hợp và thuế giá trị gia tăng; văn bản hướng dân thực hiện luật thuế xuất nhập khẩu. | ||
| 650 | |a Taxation,Taxation,Thuế,Thuế | ||
| 650 | |x Lists,Danh mục | ||
| 650 | |z Vietnam,Việt Nam | ||
| 904 | |i Tuyến | ||
| 980 | |a Trung tâm Học liệu Trường Đại học Cần Thơ | ||